000 00660cab a2200253 4500
001 ABS46243
008 090401t1992 xxu||||| |||| 00| 0 eng d
035 _a(Sirsi) u57323
041 _aeng
100 _aSherriff, G.
245 _aBack to basics - reading a land certificate
260 _c1992
350 _a0
490 _aNew Law Journal
_v142(6548) 17 April 1992, 530-531(2)
520 _aExplains the contents of the certificate.
650 _aCHARGES REGISTER
650 _aCONVEYANCING
650 _aLAND CERTIFICATE
650 _aLAND CERTIFICATES
650 _aLAND REGISTER
690 _aLAND
942 _n0
948 _c04/03/1997
999 _c34938
_d34938